Normal view MARC view
  • Gullotta, Thomas P.

Entry Personal Name

Number of records used in: 1

001 - CONTROL NUMBER

  • control field: 2887

003 - CONTROL NUMBER IDENTIFIER

  • control field: OSt

005 - DATE AND TIME OF LATEST TRANSACTION

  • control field: 20170509154412.0

008 - FIXED-LENGTH DATA ELEMENTS

  • fixed length control field: 170509|| aca||aabn | a|a d

040 ## - CATALOGING SOURCE

  • Original cataloging agency: OSt
  • Transcribing agency: OSt

100 ## - HEADING--PERSONAL NAME

  • Personal name: Gullotta, Thomas P.
  • Dates associated with a name: 1948-

670 ## - SOURCE DATA FOUND

  • Source citation: Work cat.: (OSt): Adams, Gerald R -1946 2885, Adolescent life experiences , c1983
Pusat Sumber Maklumat Dato' Haji Sarmin Md Hussin, Akademi Kastam Diraja Malaysia, Melaka
Tel: 06-2331106 | Faks: 06-2313787